[Event "EIRCC 2019"]
[Site "Tallinn"]
[Date "2019.12.05"]
[Round "1.2"]
[White "Motylev, Alexander"]
[Black "Valantiejus, Vaidotas"]
[Result "1-0"]
[WhiteElo "2703"]
[BlackElo "1998"]
[Annotator "TA"]
[PlyCount "89"]
[EventDate "2019.12.05"]
[EventType "swiss"]
[EventCountry "EST"]
[SourceTitle "playchess.com"]
[Source "ChessBase"]
[SourceQuality "1"]

{[%evp 21,89,37,33,45,44,42,45,33,58,45,47,45,51,51,52,57,52,44,32,36,46,49,73,54,53,33,45,12,18,20,17,14,14,14,14,16,19,11,12,11,16,5,12,6,8,0,11,0,245,231,242,232,333,331,337,316,337,317,450,429,512,481,783,683,921,892,799,793,795,696]} 1. e4 c5 2. Nf3 d6 3. d4 cxd4 4. Nxd4 Nf6 5. Nc3 a6 6. g3 e6 7. Bg2 Be7 8. O-O O-O 9. Nce2 Qc7 10. b3 Bd7 11. c4 Nc6 12. Bb2 {B80: Sicilian Scheveningen: 6 g3 and 6 Be3, including English Attack} (12. a4 Rad8 13. Bb2 Bc8 14. Rc1 Nxd4 15. Bxd4 b6 16. Nc3 Bb7 17. Qe2 Rfe8 18. Qb2 Nd7 19. Rfd1 Bf6 20. Bxf6 Nxf6 {½-½ (27) Miton,K (2610)-Yilmaz,M (2585) Porto Rio 2015}) 12... Rad8 13. Rc1 Rfe8 14. Qd2 {White is slightly better.} Bc8 $146 ({Predecessor:} 14... h6 15. h3 Nh7 16. Ba3 Nxd4 17. Nxd4 e5 18. Nc2 f5 19. exf5 Bxf5 {1-0 (48) Van Dongen,E-Kommer,B Hengelo 1997}) 15. Rfd1 Nxd4 16. Qxd4 b6 17. Nc3 Bf8 18. Ba3 Bb7 19. Na4 (19. Kh1 {feels hotter.} Be7 20. f3 Qc6 21. Kg1 Nd7 22. f4) 19... Bc6 20. Qxb6 ({Much worse is} 20. Nxb6 e5 $15) 20... Qxb6 21. Nxb6 Bxe4 22. Bxe4 Nxe4 23. Rd4 Nf6 24. Rcd1 {[%cal Ra3d6]} Rb8 25. Na4 d5 $1 26. Bxf8 Kxf8 27. cxd5 Nxd5 28. Nc5 {Black must now prevent Nd7+.} Ra8 29. Rc4 a5 30. Nd7+ Kg8 31. Rdc1 h6 32. Ne5 Reb8 33. Nc6 Rb5 34. Kf1 Nb4 $2 {[#]} (34... Rb7 $11) 35. a4 $18 Rb6 36. Nxb4 axb4 (36... Rxb4 $142 37. Rxb4 axb4) 37. Rc8+ Rxc8 38. Rxc8+ {[%mdl 4096] Endgame KR-KR} Kh7 39. Ke2 Kg6 (39... Ra6 $142 40. Rb8 Kg6 41. Rxb4 e5) 40. Kd3 {White is clearly winning.} Kf6 41. Kc4 Rb7 (41... Ke7 $142 42. Rc7+ Ke8) 42. a5 {[%cal Ba4a5,Ba5a6][%mdl 32]} Ke7 43. a6 Ra7 44. Kb5 Kd7 45. Rb8 {Accuracy: White = 68%, Black = 55%.} 1-0

[Event "EIRCC 2019"]
[Site "Tallinn"]
[Date "2019.12.05"]
[Round "1.3"]
[White "Aizenberg, Benny"]
[Black "Guseinov, Gadir"]
[Result "1-0"]
[WhiteElo "1995"]
[BlackElo "2691"]
[Annotator "TA"]
[PlyCount "55"]
[EventDate "2019.12.05"]
[EventType "swiss"]
[EventCountry "EST"]
[SourceTitle "playchess.com"]
[Source "ChessBase"]
[SourceQuality "1"]

{[%evp 23,55,22,43,-56,0,0,0,0,0,0,57,64,74,-115,-124,-169,-162,-234,-237,-238,-240,-233,-154,-172,750,737,778,754,774,768,5461,2672,29992,29993]} 1. e4 c5 2. Nf3 Nc6 3. d4 cxd4 4. Nxd4 g6 5. Be3 Nf6 6. Nc3 Bg7 7. Bc4 O-O 8. Bb3 d6 9. f3 Bd7 10. Qd2 Nxd4 11. Bxd4 b5 12. h4 a5 {[#]} 13. Nd5 {B77: Sicilian Dragon: Yugoslav Attack, 9 Bc4 sidelines} (13. h5 $1 $14 {[%mdl 512]}) (13. a4 bxa4 14. Bxa4 h5 15. Bb3 Bc6 16. O-O Qb8 17. Bc4 a4 18. b3 Rc8 19. Rae1 a3 20. f4 Ng4 21. Rd1 {0-1 (31) Fedoseev,V (2683)-Mamedov,R (2650) Hengshui 2019}) 13... Nxd5 ({Better is} 13... a4 $1 $15 14. Nxf6+ Bxf6 15. Bxf6 (15. Bd5 Bxd4 16. Qxd4 Rc8 $19) 15... axb3) 14. Bxg7 $11 Kxg7 15. Bxd5 {The position is equal.} Rc8 16. h5 {aiming for hxg6.} Rh8 ({Black should try} 16... e6 $11) 17. O-O-O $146 ({Predecessor:} 17. h6+ Kf8 18. O-O-O Qc7 19. a3 Rg8 20. Bb3 a4 {1-0 (54) Graif,W (2123)-Chin,J (1810) Sturbridge 2018}) 17... Qb6 {next ...e6 is good for Black.} 18. g4 $2 (18. a3 $16 {stays on course.}) 18... e6 $17 19. h6+ {[#]} Kf8 $1 20. Bb7 (20. Qf4 $142) 20... Qxb7 $19 21. Qxd6+ Ke8 22. Qd4 Rg8 23. Rd2 Rc7 $4 {[%mdl 8192] [#]} (23... b4 $19 24. Rhd1 Bb5) 24. Qg7 $1 $18 {[%cal Rg7g8][%mdl 512]} Rf8 (24... Rxg7 25. hxg7) 25. Qxh7 Ke7 26. Qg7 {Black must now prevent g5.} Qc8 27. g5 Rh8 28. Qf6+ {Accuracy: White = 51%, Black = 20%.} 1-0

[Event "EIRCC 2019"]
[Site "Tallinn"]
[Date "2019.12.05"]
[Round "1.4"]
[White "Mamedov, Rauf"]
[Black "Vetokhin, Savva"]
[Result "1-0"]
[WhiteElo "2679"]
[BlackElo "1993"]
[Annotator "TA"]
[PlyCount "39"]
[EventDate "2019.12.05"]
[EventType "swiss"]
[EventCountry "EST"]
[SourceTitle "playchess.com"]
[Source "ChessBase"]
[SourceQuality "1"]

{[%evp 22,50,35,22,19,17,22,16,129,133,158,204,353,358,660,640,654,395,607,212,29994,29995,29995,29996,29996,29997,29997,29998,29998,29999,29999]} 1. e4 c5 2. c3 Nf6 3. e5 Nd5 4. Nf3 Nc6 5. Bc4 Nb6 6. Bb3 d5 7. exd6 Qxd6 8. O-O e6 9. d4 cxd4 10. cxd4 Be7 11. Nc3 O-O 12. Be3 Nd5 {B22: Sicilian: 2 c3} 13. Rc1 Rd8 $146 ({Predecessor:} 13... Nxc3 14. bxc3 b6 15. Re1 Bb7 16. Qd3 Rac8 17. Bc2 g6 18. h4 Bf6 19. h5 Na5 20. Bh6 {1-0 (28) O'Donnell,T (2405)-Busquets,L (2245) San Mateo 1994}) 14. Bc2 Bf8 {[#]} (14... Ncb4 $11 {keeps the balance.}) 15. Bxh7+ $1 $16 {[%mdl 512]} Kxh7 16. Ng5+ Kg8 {[#]} (16... Kg6 $142) 17. Nce4 $1 $18 {aiming for Qh5.} Qd7 $2 (17... Be7) 18. Qh5 {[%csl Gg5][%cal Rh5h7]} Bb4 {Black wants to play ...Qe8.} 19. a3 Bd6 (19... e5 $142 20. Qh7+ (20. axb4 Qf5 $18) 20... Kf8 21. dxe5 Qf5) 20. Qh7+ {Played: Ne4xd6} 1-0

[Event "EIRCC 2019"]
[Site "Tallinn"]
[Date "2019.12.05"]
[Round "1.5"]
[White "Stasans, Aivars"]
[Black "Turov, Maxim"]
[Result "0-1"]
[WhiteElo "1993"]
[BlackElo "2647"]
[Annotator "TA"]
[PlyCount "96"]
[EventDate "2019.12.05"]
[EventType "swiss"]
[EventCountry "EST"]
[SourceTitle "playchess.com"]
[Source "ChessBase"]
[SourceQuality "1"]

{[%evp 11,96,-8,14,-13,-6,-5,-6,0,-9,-13,25,27,27,11,40,27,22,27,27,10,7,11,15,1,48,0,17,-62,-57,-128,-122,-128,-105,-146,-117,-173,-122,-126,-125,-124,-83,-83,-87,-87,-72,-78,-36,-61,-44,-101,-101,-130,-119,-134,-138,-177,-179,-177,-183,-192,-190,-183,-190,-227,-201,-345,-243,-503,-503,-529,-509,-565,-550,-510,-495,-829,-818,-728,-704,-1456,-1256,-1049,-1006,-1887,-1857,-1433,-1397]} 1. e4 c6 2. d4 d5 3. exd5 cxd5 4. Nf3 Nc6 5. Bd3 Bg4 6. c3 e6 7. O-O {B13: Caro-Kann: Exchange Variation and Panov-Botvinnik Attack} Bd6 8. Re1 Qc7 9. h3 {The position is equal.} Bh5 $1 10. Nbd2 Bg6 (10... Nf6 11. Nf1 O-O 12. Bg5 Rab8 13. Qe2 Rfe8 14. Qe3 Bg6 15. Ne5 Nxe5 16. dxe5 {½-½ (48) Bocharov,I (2534)-Ovetchkin,R (2540) Cheliabinsk 2017}) 11. Bxg6 $146 ({Predecessor:} 11. Nf1 Nge7 12. Bg5 O-O 13. Bxe7 Nxe7 14. Ne5 Bxd3 15. Qxd3 {½-½ (28) Kubikova,A (2084)-Kulovana,E (2137) Havlickuv Brod 2005}) 11... hxg6 12. Qe2 Nge7 13. Ne5 Nxe5 14. dxe5 Bc5 15. Nb3 Bb6 16. a4 {a5 is the strong threat.} Nc6 17. Bf4 O-O-O 18. Bh2 Kb8 19. Rad1 (19. Nd2 $11) 19... Rh4 $15 20. a5 ({White should try} 20. Ra1 $15) 20... Nxa5 $17 21. Nxa5 {Threatens to win with Nb3.} Bxa5 22. f4 Rhh8 23. Bg3 {[#]} (23. Kh1 $17) 23... Bb6+ (23... d4 $1 $19 {[%mdl 512]} 24. Bf2 (24. cxd4 Bxe1) 24... dxc3 25. bxc3 Qxc3) 24. Bf2 Rc8 25. Bd4 Qc4 26. Bxb6 axb6 27. Qf2 Rc5 28. Rd4 Qa2 29. Rb4 Kc7 30. Qf1 (30. Kh2 $15) 30... Qa6 31. Ra1 Qxf1+ 32. Kxf1 {[%mdl 4096] Endgame KRR-KRR} Ra5 33. Rba4 Rha8 34. Rxa5 bxa5 $19 {[%cal Bb6a5,Ba5a4][%mdl 32] KR-KR} ({Much less strong is} 34... Rxa5 35. Rd1 $17) 35. Ke2 Kc6 36. Kd3 b5 37. b3 a4 38. b4 (38. h4 $142) 38... Kb6 39. Ra3 $2 (39. Rd1) 39... Rc8 {Black is clearly winning.} 40. h4 Rc4 41. g3 {[#]} d4 $1 {[%mdl 512]} 42. cxd4 {intending Rxa4!} Rxb4 43. Kc3 (43. g4 $142 Rb1 44. Ke4) 43... Rc4+ 44. Kd3 Ka5 45. Ra1 Rc8 46. d5 exd5 47. Kd4 b4 {[%cal Bb5b4,Bb4b3][%mdl 32]} 48. g4 b3 {Accuracy: White = 24%, Black = 67%.} 0-1

[Event "EIRCC 2019"]
[Site "Tallinn"]
[Date "2019.12.05"]
[Round "1.6"]
[White "Ziska, Helgi Dam"]
[Black "Hodzdanker, Mikhail"]
[Result "1-0"]
[WhiteElo "2646"]
[BlackElo "1986"]
[Annotator "TA"]
[PlyCount "66"]
[EventDate "2019.12.05"]
[EventType "swiss"]
[EventCountry "EST"]
[SourceTitle "playchess.com"]
[Source "ChessBase"]
[SourceQuality "1"]

{[%evp 18,66,12,14,30,18,47,43,85,77,69,73,67,75,75,79,92,42,50,54,68,61,74,79,67,73,90,89,94,74,114,112,358,351,343,350,347,252,252,248,248,248,296,287,282,276,260,253,1998,1963,29990]} 1. e4 e5 2. Nf3 Nc6 3. Bb5 a6 4. Ba4 Nf6 5. O-O b5 6. Bb3 Be7 7. d3 O-O 8. a4 b4 9. a5 d6 10. Nbd2 Nd7 {C84: Closed Ruy Lopez: Unusual White 6th moves} (10... h6 11. Re1 Rb8 12. h3 Be6 13. Ba4 Nxa5 14. d4 c5 15. dxe5 dxe5 16. Nxe5 c4 17. Qe2 Rc8 18. Ndf3 {½-½ (25) Vitiugov,N (2730)-Tomashevsky,E (2702) Satka 2018}) 11. c3 Nc5 $146 ({Predecessor:} 11... bxc3 12. bxc3 Rb8 13. Qc2 Bf6 14. Nc4 Nc5 15. Ba2 Be6 16. Be3 Rb5 17. Nfd2 Qe7 18. Bxc5 Rxc5 {0-1 (90) Eric,J (2243)-Imeeva,A (2019) Belgrade 2012}) 12. Bd5 Bb7 {White is slightly better.} 13. d4 Nd3 14. Nc4 Nxc1 15. Rxc1 {[%cal Rd4e5,Ba1c1,Bc1c3,Bc3d3][%mdl 32]} bxc3 16. Rxc3 {Threatens to win with Rb3.} Rb8 17. dxe5 Nxe5 18. Nfxe5 dxe5 19. Rd3 $36 {[%mdl 2048] White has some pressure.} Qe8 20. Bxb7 Rxb7 21. Nxe5 {And now Nd7 would win.} Bd6 22. Nc4 Bb4 23. e5 Qb5 24. b3 Bxa5 $2 (24... Qc6 $16 25. Qg4 Rb5) 25. Rd5 $18 c5 26. Nd6 $1 {[%csl LRb5,LRb7][%mdl 64] [#] Double Attack} Qxb3 27. Nxb7 Qxb7 28. Rxc5 Bb4 29. Qd5 Qe7 30. Rc6 Rd8 31. Qc4 a5 32. e6 f6 $2 {[#]} (32... fxe6 33. Rxe6 Qf7) 33. Rc7 Qe8 {Accuracy: White = 86%, Black = 45%.} 1-0

[Event "EIRCC 2019"]
[Site "Tallinn"]
[Date "2019.12.05"]
[Round "1.7"]
[White "Anisimov, Artem"]
[Black "Demidov, Mikhail"]
[Result "0-1"]
[WhiteElo "1976"]
[BlackElo "2635"]
[Annotator "TA"]
[PlyCount "92"]
[EventDate "2019.12.05"]
[EventType "swiss"]
[EventCountry "EST"]
[SourceTitle "playchess.com"]
[Source "ChessBase"]
[SourceQuality "1"]

{[%evp 18,92,61,56,58,58,47,52,60,11,37,0,32,-44,-43,-38,-38,-48,-38,-74,-49,-82,-70,-94,-93,-121,-70,-107,-66,-70,-35,-50,-32,-56,-25,-19,-25,-127,-120,-118,-79,-126,-97,-210,-208,-170,-161,-162,-151,-151,-141,-343,-161,-174,-178,-178,-161,-206,-208,-203,-201,-576,-128,-544,-526,-1066,-1035,-29988,-29974,-29994,-29995,-29996,-29997,-29997,-29998,-29998,-29999]} 1. d4 e6 2. Nf3 Nf6 3. c4 c5 4. d5 exd5 5. cxd5 Bd6 6. Nc3 O-O 7. e4 Re8 8. Bd3 Bc7 9. O-O d6 10. h3 Nbd7 {A60: Modern Benoni: Early Divergences} 11. Bf4 a6 12. a4 Nf8 {White is slightly better.} 13. Qd2 $146 ({Predecessor:} 13. Re1 Ng6 14. Bh2 Rb8 15. Nd2 Ne5 16. Bf1 Bd7 17. f4 Ng6 18. Kh1 {0-1 (36) Korobov,A (2684)-Gashimov,V (2733) Warsaw 2010}) 13... Ng6 14. Bg3 Rb8 15. Nh4 (15. Rfe1 $14) 15... Nh5 $15 16. Nxg6 {Threatens to win with Nh4.} Nxg3 17. fxg3 {And now Nh4 would win.} hxg6 18. Rae1 Re5 19. Qf4 Qe7 20. Re2 Bd7 21. b3 Bd8 (21... g5 $17 22. Qc1 f6) 22. Ref2 Be8 23. Kh2 Ra8 24. Nb1 Qc7 25. Na3 {With the idea Nc4.} Bg5 (25... b5 $5) 26. Qf3 Re7 27. g4 (27. a5 $11 {keeps the balance.}) 27... Bf6 $17 28. g3 Rb8 29. h4 {[#]} b5 $1 30. g5 (30. axb5 $17 {keeps fighting.} axb5 31. Rc2) 30... Bd4 $19 31. Re2 bxa4 32. bxa4 Rb3 33. Nc4 Bxa4 34. h5 {Hoping for e5!} gxh5 (34... Bb5 $142 35. Rc2 Bxc4 36. Rxc4 gxh5) 35. g6 fxg6 {aiming for ...Qd7.} 36. e5 Qd8 {Strongly threatening ...Bb5.} 37. exd6 Rxe2+ 38. Qxe2 Qe8 39. Qe6+ $2 (39. Qxe8+ Bxe8 40. Re1) 39... Kh7 $2 (39... Qxe6 $19 {has better winning chances.} 40. dxe6 Rxd3) 40. Bc2 $2 {[%mdl 8192] [#]} (40. Be4 $17 {is a better chance.} Bd7 41. Qxe8 Bxe8 42. Rf8) 40... Rc3 $1 {[%csl LRc2,LRc4][%mdl 64] Double Attack, Discovered Attack} 41. Bxa4 Qxa4 42. d7 Qxc4 {Black mates.} 43. d8=Q Rc2+ 44. Kh3 Qxf1+ 45. Kh4 Rh2+ 46. Kg5 Qc1+ {Accuracy: White = 22%, Black = 46%.} 0-1

[Event "EIRCC 2019"]
[Site "Tallinn"]
[Date "2019.12.05"]
[Round "1.8"]
[White "Andriasian, Zaven"]
[Black "Silich, Yahor"]
[Result "1-0"]
[WhiteElo "2633"]
[BlackElo "1975"]
[Annotator "TA"]
[PlyCount "79"]
[EventDate "2019.12.05"]
[EventType "swiss"]
[EventCountry "EST"]
[SourceTitle "playchess.com"]
[Source "ChessBase"]
[SourceQuality "1"]

{[%evp 12,79,33,18,22,14,25,27,30,28,21,27,25,33,34,25,32,0,0,-14,-20,-17,-12,-16,-15,-30,0,-33,-16,-11,100,85,85,95,432,398,486,104,765,764,1018,1037,1036,986,808,801,772,453,463,443,445,403,502,306,484,227,360,233,851,841,779,572,540,518,2268,2155,1539,506,2811,2631]} 1. e4 c5 2. Nf3 Nc6 3. Bb5 g6 4. Bxc6 dxc6 5. d3 Bg7 6. O-O Nf6 7. h3 Nd7 {B31: Sicilian: 2...Nc6 3 Bb5 g6} 8. Nc3 b6 9. Be3 e5 {White has an edge.} 10. Qd2 h6 11. Nh2 Nf8 (11... Nf6 12. a3 Be6 13. b4 Nd5 14. exd5 cxd5 15. Qe1 d4 16. Bd2 dxc3 17. Bxc3 {½-½ (33) Dominguez Perez,L (2763)-Abasov,N (2632) Khanty-Mansiysk 2019}) 12. f4 exf4 13. Bxf4 Ne6 14. Bg3 (14. Be3 {feels hotter.} Nd4 15. e5 Be6 16. Rae1 Qe7 17. Bf4) 14... c4 {[#]} 15. Nf3 $146 ({Predecessor:} 15. e5 cxd3 16. cxd3 {0-1 (48) Gagare,S (2504)-Firouzja,A (2607) Makati 2018}) 15... cxd3 16. cxd3 O-O 17. e5 Nd4 18. Ne4 Be6 19. Kh1 c5 20. Rae1 Bxa2 (20... Nf5 $11) 21. Nxd4 $16 cxd4 22. Nf6+ Kh8 $2 {[%mdl 8192]} (22... Bxf6 $16 {is more resistant.} 23. Rxf6 (23. exf6 Kh7 $14) 23... Kh7) 23. Bf4 $18 h5 24. Bh6 $2 (24. Bg5 $18 {and the rest is easy.}) 24... Bd5 $2 {[%mdl 8192]} (24... Bxf6 $16 25. exf6 (25. Rxf6 Re8 $14) 25... Rg8) 25. Qg5 (25. Bxg7+ Kxg7 26. Qg5 Rh8 $16) 25... Rc8 26. Bxg7+ Kxg7 27. Nxh5+ Kh7 28. Nf6+ Kg7 29. Re2 {[%cal Be1e2,Be2f2,Bf2h2][%mdl 32]} (29. Qh4 Rh8 $14) 29... Be6 30. Rf4 {[#] Intending Rh4 and mate.} Rh8 31. Kh2 a5 32. h4 Rh6 (32... Qe7 {is a better defense.} 33. h5 (33. Rxd4 Kf8 $18) 33... Qc5) 33. h5 (33. Ree4 $142) 33... Qh8 (33... Qc7 $142 34. g4 (34. Rxd4 Qc1 $16) 34... Qd8) 34. Ref2 Rd8 $2 (34... Rxh5+ 35. Nxh5+ Qxh5+ 36. Qxh5 gxh5 37. Rxd4 Rc5) 35. Rh4 {White is clearly winning.} b5 36. g4 Rc8 37. Kg3 {[#] Strongly threatening Rfh2.} a4 (37... Kf8 $142 38. Qf4 Rd8) 38. Rfh2 Kf8 39. Qd2 (39. hxg6 $142 Rxh4 40. Rxh4) 39... Kg7 (39... g5 $142) 40. hxg6 {Accuracy: White = 54%, Black = 32%.} 1-0

[Event "EIRCC 2019"]
[Site "Tallinn"]
[Date "2019.12.05"]
[Round "1.11"]
[White "Ponomarev, Vsevolod"]
[Black "Lysyj, Igor"]
[Result "0-1"]
[WhiteElo "1970"]
[BlackElo "2599"]
[Annotator "ChessBase"]
[PlyCount "82"]
[EventDate "2019.12.05"]
[EventType "swiss"]
[EventCountry "EST"]
[SourceTitle "playchess.com"]
[Source "ChessBase"]
[SourceQuality "1"]
[TimeControl "900+10"]

1. e4 {[%emt 0:00:00]} e5 {[%emt 0:00:00]} 2. Nf3 {[%emt 0:00:00]} Nc6 {[%emt 0:00:00]} 3. Nc3 {[%emt 0:00:00]} Nf6 {[%emt 0:00:00]} 4. d4 {[%emt 0:00:00]} exd4 {[%emt 0:00:00]} 5. Nxd4 {[%emt 0:00:00]} Bc5 {[%emt 0:00:00]} 6. Be3 {[%emt 0:00:00]} Bb6 {[%emt 0:00:02]} 7. Nf5 {[%emt 0:01:39]} O-O {[%emt 0:00:38]} 8. Bd3 {[%emt 0:00:27]} Ba5 {[%emt 0:03:26]} 9. O-O {[%emt 0:03:20]} Bxc3 {[%emt 0:01:00]} 10. bxc3 {[%emt 0:00:01]} d5 {[%emt 0:00:01]} 11. exd5 {[%emt 0:00:39]} Qxd5 {[%emt 0:00:04]} 12. c4 {[%emt 0:00:23]} Qa5 {[%emt 0:00:39]} 13. Bd2 {[%emt 0:02:27]} Qc5 {[%emt 0:00:47]} 14. Be3 {[%emt 0:00:09]} Qa5 {[%emt 0:01:44]} 15. Bd2 {[%emt 0:00:06]} Qa4 {[%emt 0:00:02]} 16. Bc3 {[%emt 0:00:25]} Bxf5 {[%emt 0:01:02]} 17. Bxf5 {[%emt 0:00:02]} Rad8 {[%emt 0:00:52]} 18. Qf3 {[%emt 0:01:04]} Nd4 {[%emt 0:00:02]} 19. Bxd4 {[%emt 0:00:01]} Rxd4 {[%emt 0:00:01]} 20. Qxb7 {[%emt 0:00:31]} Rxc4 {[%emt 0:00:02]} 21. Bd3 {[%emt 0:00:23]} Rc5 {[%emt 0:00:10]} 22. Rfe1 {[%emt 0:00:36]} g6 {[%emt 0:00:26]} 23. Re7 {[%emt 0:00:46]} Nd5 {[%emt 0:01:17]} 24. Re5 {[%emt 0:00:01]} Qa5 {[%emt 0:00:16]} 25. g3 {[%emt 0:01:18]} Nc3 {[%emt 0:00:52]} 26. Re7 {[%emt 0:00:22]} Nd5 {[%emt 0:00:29]} 27. Re5 {[%emt 0:00:26]} Nb4 {[%emt 0:00:58]} 28. Rxc5 {[%emt 0:02:40]} Qxc5 {[%emt 0:00:01]} 29. Qe4 {[%emt 0:00:02]} Rd8 {[%emt 0:00:43]} 30. Rd1 {[%emt 0:00:10]} Nxa2 {[%emt 0:00:33]} 31. Be2 {[%emt 0:01:34]} Rxd1+ {[%emt 0:00:07]} 32. Bxd1 {[%emt 0:00:01]} Nc3 {[%emt 0:00:19]} 33. Qe8+ {[%emt 0:00:21]} Kg7 {[%emt 0:00:07]} 34. Bf3 {[%emt 0:00:08]} a5 {[%emt 0:00:18]} 35. Bc6 {[%emt 0:00:04]} Nd1 {[%emt 0:00:26]} 36. Kg2 {[%emt 0:00:36]} Qxf2+ {[%emt 0:00:14]} 37. Kh3 {[%emt 0:00:01]} Qf5+ {[%emt 0:00:16]} 38. Kg2 {[%emt 0:00:04]} Qxc2+ {[%emt 0:00:16]} 39. Kh1 {[%emt 0:00:18]} Nf2+ {[%emt 0:00:12]} 40. Kg1 {[%emt 0:00:03]} Ng4 {[%emt 0:00:08]} 41. Bg2 {[%emt 0:00:12]} Qc5+ {[%emt 0:00:08]} 0-1

[Event "EIRCC 2019"]
[Site "Tallinn"]
[Date "2019.12.05"]
[Round "1.12"]
[White "Postny, Evgeny"]
[Black "Nazarova, Anastasia"]
[Result "1-0"]
[WhiteElo "2598"]
[BlackElo "1969"]
[Annotator "ChessBase"]
[PlyCount "99"]
[EventDate "2019.12.05"]
[EventType "swiss"]
[EventCountry "EST"]
[SourceTitle "playchess.com"]
[Source "ChessBase"]
[SourceQuality "1"]
[TimeControl "900+10"]

1. d4 {[%emt 0:00:00]} d5 {[%emt 0:00:00]} 2. c4 {[%emt 0:00:00]} e6 {[%emt 0:00:00]} 3. Nf3 {[%emt 0:00:03]} Nf6 {[%emt 0:00:00]} 4. Bg5 {[%emt 0:00:14]} Be7 {[%emt 0:00:16]} 5. Nc3 {[%emt 0:00:08]} Nbd7 {[%emt 0:00:56]} 6. e3 {[%emt 0:00:06]} h6 {[%emt 0:00:03]} 7. Bh4 {[%emt 0:00:12]} O-O {[%emt 0:00:45]} 8. Qc2 {[%emt 0:00:22]} c5 {[%emt 0:05:08]} 9. cxd5 {[%emt 0:00:28]} Nxd5 {[%emt 0:00:58]} 10. Bxe7 {[%emt 0:00:09]} Nxe7 {[%emt 0:00:26]} 11. Rd1 {[%emt 0:00:13]} Qa5 {[%emt 0:00:35]} 12. Be2 {[%emt 0:00:36]} cxd4 {[%emt 0:01:33]} 13. Nxd4 {[%emt 0:00:05]} Nf6 {[%emt 0:00:10]} 14. Bf3 {[%emt 0:00:44]} Rb8 {[%emt 0:00:37]} 15. Qa4 {[%emt 0:02:08]} Qxa4 {[%emt 0:01:16]} 16. Nxa4 {[%emt 0:00:03]} e5 {[%emt 0:00:10]} 17. Nb5 {[%emt 0:00:20]} Bd7 {[%emt 0:00:45]} 18. Nac3 {[%emt 0:00:03]} a6 {[%emt 0:00:14]} 19. Nd6 {[%emt 0:00:07]} Bc6 {[%emt 0:00:08]} 20. Bxc6 {[%emt 0:01:31]} Nxc6 {[%emt 0:00:02]} 21. Ke2 {[%emt 0:00:06]} g6 {[%emt 0:00:52]} 22. Nde4 {[%emt 0:02:46]} Nxe4 {[%emt 0:00:24]} 23. Nxe4 {[%emt 0:00:02]} Rfd8 {[%emt 0:00:20]} 24. Nc5 {[%emt 0:00:03]} Na5 {[%emt 0:01:04]} 25. Rxd8+ {[%emt 0:02:48]} Rxd8 {[%emt 0:00:02]} 26. Rc1 {[%emt 0:00:03]} b5 {[%emt 0:01:50]} 27. Nxa6 {[%emt 0:00:26]} Ra8 {[%emt 0:00:40]} 28. Nb4 {[%emt 0:00:06]} Nc4 {[%emt 0:00:06]} 29. b3 {[%emt 0:00:04]} Nd6 {[%emt 0:00:02]} 30. Rc5 {[%emt 0:00:52]} f6 {[%emt 0:00:18]} 31. Rc7 {[%emt 0:00:17]} Rd8 {[%emt 0:00:14]} 32. f3 {[%emt 0:00:37]} Nf7 {[%emt 0:00:10]} 33. Nc6 {[%emt 0:00:21]} Ra8 {[%emt 0:00:07]} 34. Rc8+ {[%emt 0:00:12]} Rxc8 {[%emt 0:00:04]} 35. Ne7+ {[%emt 0:00:02]} Kf8 {[%emt 0:00:12]} 36. Nxc8 {[%emt 0:00:02]} Ke8 {[%emt 0:00:02]} 37. Nb6 {[%emt 0:00:17]} Nd6 {[%emt 0:00:20]} 38. Nd5 {[%emt 0:00:12]} f5 {[%emt 0:00:10]} 39. Kd3 {[%emt 0:00:13]} Kd7 {[%emt 0:00:13]} 40. e4 {[%emt 0:00:11]} fxe4+ {[%emt 0:00:05]} 41. fxe4 {[%emt 0:00:02]} g5 {[%emt 0:00:14]} 42. a4 {[%emt 0:00:18]} bxa4 {[%emt 0:00:05]} 43. bxa4 {[%emt 0:00:02]} Kc6 {[%emt 0:00:11]} 44. Ne7+ {[%emt 0:01:39]} Kc5 {[%emt 0:00:05]} 45. Nf5 {[%emt 0:00:03]} Nf7 {[%emt 0:00:20]} 46. g4 {[%emt 0:00:03]} Kb4 {[%emt 0:00:08]} 47. a5 {[%emt 0:00:02]} Kxa5 {[%emt 0:00:07]} 48. Kc4 {[%emt 0:00:01]} Nh8 {[%emt 0:00:20]} 49. Kd5 {[%emt 0:00:13]} Ng6 {[%emt 0:00:04]} 50. Nxh6 {[%emt 0:00:06]} 1-0